000 00791nam a2200229 a 4500
005 20240823063800.0
008 991125s1976 ag 000 0 spa u
035 _aUPN01000008927
049 _aCG
050 4 _aBF199
_bK7.28 1976
100 1 _aKrumboltz, John D.,
_d1928-
_940294
245 1 0 _aCómo cambiar la conducta del niño /
_cJohn D. Krumboltz, Helen Brendhorst Krumboltz ; tr. Noemí Rosenblat.
250 _a2a ed.
260 _aBuenos Aires :
_bGuadalupe,
_c1976.
300 _a301 p.
440 0 _aBiblioteca pedagógica.
_pProblemática de la educación ;
_v28
534 _pTítulo original:
_tChanging children's behavior
650 4 _aConducta infantil
_95683
650 4 _aConducta (Psicología)
_94460
700 1 _aKrumboltz, Helen Brendhors,
_ecoaut.
905 _aLibro
999 _c8927
_d8927